Les buteurs de l'Allemagne au Championnat d'Europe de football 2008 - Statistiques

Statistiques générales
  • Ce quiz a été pris 9 fois
  • Le résultat moyen est 6 sur 10
Statistiques - réponses
Match Minute Buteur % Correct
Portugal - Allemagne 2-3 26' Miroslav Klose
89%
Allemagne - Turquie 3-2 79' Miroslav Klose
89%
Allemagne - Pologne 2-0 20' Lukas Podolski
67%
Allemagne - Pologne 2-0 72' Lukas Podolski
67%
Croatie - Allemagne 2-1 79' Lukas Podolski
67%
Allemagne - Turquie 3-2 90' Philipp Lahm
67%
Portugal - Allemagne 2-3 22' Bastian Schweinsteiger
56%
Allemagne - Turquie 3-2 26' Bastian Schweinsteiger
56%
Autriche - Allemagne 0-1 49' Michael Ballack
33%
Portugal - Allemagne 2-3 61' Michael Ballack
33%
Aucun quiz correspondant
Distribution des résultats
% des personnes avec chaque résultat
Percentile par nombre de réponses
Votre historique - résultats
Vous n’avez pas pris ce quiz